00840nam a22002417a 450000500170000001000130001702000100003003500130004003700160005304000120006908200170008110000250009824501090012326000360023227000320026830000230030050000530032365000330037665000200040994200260042999900190045595201240047420170124110014.0 aA-736271 c00.00 aA-736271 bCen Lib/Ret aDPLbEN a370.195bCHA aChaube, S. P.918446 aComparative education :cby S. P. Chaubeba study of some contemporary national system[s] of education / aAgrabRam Prasad and Sonsc1995 aHospital Road bAgra axv,647p.c20cm(Hb) aIncludes bibliographical references and index  aComparative education918447 aEducation91169 2ddccENh370.195mCHA c126776d126776 00104070aLbLd2015-06-26eCen Lib/Retg0.00l0o370.195 CHApA-736271r2015-06-26 00:00:00t1v0.00w2015-06-26yEN